| 000 | 00000nam##2200000za#4500 |
| 001 | 9.605309 |
| 003 | CaOODSP |
| 005 | 20210624212041 |
| 007 | cr ||||||||||| |
| 008 | 150406|2004||||xxc|||||o f|0| 0 fre|d |
| 040 | |aCaOODSP|bfre |
| 043 | |an-cn--- |
| 086 | 1 |aBT31-2/2005-III-6F-PDF |
| 110 | 1 |aCanada. |bConseil du trésor. |
| 245 | 10|aBibliothèque nationale du Canada et Archives nationales du Canada, budget des dépenses 2004-2005, partie III, rapport sur les plans et priorités |h[ressource électronique] |
| 260 | |aOttawa - Ontario : |bSecrétariat du Conseil du Trésor du Canada |c[2004]. |
| 300 | |a48p.|borganigramme, tableaux |
| 490 | 1 |aBudget des dépenses 2004-2005. Partie III, Rapport sur les plans et les priorités |v2004-2005 |
| 590 | |a13-05-Supp|b2013-02-27 |
| 775 | 08|tNational Library of Canada and National Archives of Canada, 2004-2005 estimates, part III, report on plans and priorities |w(CaOODSP)9.575935 |
| 830 | #0|aBudget des dépenses 2004-2005. Partie III, Rapport sur les plans et les priorités ;|v2004-2005|w(CaOODSP)9.502658 |
| 856 | 40|ahttp://publications.gc.ca|qPDF|s400 Ko|uhttps://publications.gc.ca/collections/collection_2013/sct-tbs/BT31-2-2005-III-6-fra.pdf|y2004-2005 |